|
|
|
|
| LEADER |
01447nam a2200313 a 4500 |
| 001 |
2557274 |
| 008 |
091219s1994 bg b 000 0 eng d |
| 010 |
|
|
|a 94904691
|
| 020 |
|
|
|a 9840512528
|
| 040 |
|
|
|a DLC
|c DLC
|d DLC
|d BD-DhAAL
|
| 082 |
0 |
0 |
|a 305.4/095492
|2 20
|
| 245 |
0 |
0 |
|a Infinite variety :
|b women in society and literature /
|c edited by Firdous Azim, Niaz Zaman.
|
| 260 |
|
|
|a Dhaka :
|b University Press,
|c 1994.
|
| 300 |
|
|
|a vii, 376 p. ;
|c 22 cm.
|
| 520 |
|
|
|a Contributed articles.
|
| 504 |
|
|
|a Includes bibliographical references.
|
| 541 |
1 |
|
|e 00014920
|
| 650 |
|
0 |
|a Women and literature.
|
| 650 |
|
0 |
|a Women and literature
|z Bangladesh.
|
| 650 |
|
0 |
|a Bengali literature
|x History and criticism.
|
| 650 |
|
0 |
|a Women
|z Bangladesh
|x Social conditions.
|
| 700 |
1 |
|
|a Azim, Firdous,
|c 1952-
|
| 700 |
1 |
|
|a Zaman, Niaz.
|
| 852 |
4 |
|
|a Ayesha Abed Library
|j General shelf
|
| 942 |
0 |
0 |
|0 3
|
| 999 |
|
|
|c 6203
|d 6203
|
| 952 |
|
|
|0 0
|1 0
|2 ddc
|4 0
|6 305_409549200000000_INF_1994
|7 0
|9 6226
|a BRACUL
|b BRACUL
|c GEN
|d 2009-12-20
|g 400.00
|l 10
|m 27
|o 305.4095492 INF
|p 3010014920
|r 2023-04-26
|s 2023-01-22
|t 1
|v 800.00
|w 2009-12-20
|y BK
|
| 952 |
|
|
|0 0
|1 0
|2 ddc
|4 0
|6 305_409549200000000_INF_1994
|7 0
|9 9507
|a BRACUL
|b BRACUL
|c GEN
|d 2010-04-28
|l 2
|o 305.4095492 INF
|p 3010005875
|r 2011-05-04
|s 2010-12-19
|t 2
|w 2010-04-28
|y BK
|
| 952 |
|
|
|0 0
|1 0
|2 ddc
|4 0
|6 305_400000000000000_095492_INF
|7 0
|9 24153
|a SCL
|b SCL
|c GEN
|d 1998-11-11
|g 350.00
|l 0
|o 305.4095492 INF
|p 3020000466
|r 2014-04-21
|t 3
|w 1998-11-11
|y BK
|